<?xml version="1.0" encoding="UTF-8"?>
<record
    xmlns:xsi="http://www.w3.org/2001/XMLSchema-instance"
    xsi:schemaLocation="http://www.loc.gov/MARC21/slim http://www.loc.gov/standards/marcxml/schema/MARC21slim.xsd"
    xmlns="http://www.loc.gov/MARC21/slim">

  <leader>01286nam0a22002771  4500</leader>
  <controlfield tag="001">RU\NLR\A1SV\14527</controlfield>
  <controlfield tag="005">20251203171251.9</controlfield>
  <datafield tag="035" ind1=" " ind2=" ">
    <subfield code="a">(NLR Aleph) 009699800</subfield>
  </datafield>
  <datafield tag="090" ind1=" " ind2=" ">
    <subfield code="a">9779211</subfield>
    <subfield code="c">9779211</subfield>
  </datafield>
  <datafield tag="100" ind1=" " ind2=" ">
    <subfield code="a">19991207d1926    u  y0rusy50      ca</subfield>
  </datafield>
  <datafield tag="101" ind1="0" ind2=" ">
    <subfield code="a">rus</subfield>
  </datafield>
  <datafield tag="102" ind1=" " ind2=" ">
    <subfield code="a">RU</subfield>
  </datafield>
  <datafield tag="200" ind1="1" ind2=" ">
    <subfield code="a">&#x410;&#x43B;&#x444;&#x430;&#x432;&#x438;&#x442;&#x43D;&#x44B;&#x439; &#x441;&#x43F;&#x438;&#x441;&#x43E;&#x43A; &#x436;&#x435;&#x43B;&#x435;&#x437;&#x43D;&#x43E;&#x434;&#x43E;&#x440;&#x43E;&#x436;&#x43D;&#x44B;&#x445; &#x441;&#x442;&#x430;&#x43D;&#x446;&#x438;&#x439;, &#x443;&#x447;&#x430;&#x441;&#x442;&#x432;&#x443;&#x44E;&#x449;&#x438;&#x445; &#x432; &#x43F;&#x440;&#x44F;&#x43C;&#x43E;&#x43C; &#x441;&#x43E;&#x43E;&#x431;&#x449;&#x435;&#x43D;&#x438;&#x438;</subfield>
    <subfield code="e">(&#x421;&#x442;&#x430;&#x43D;&#x446;&#x438;&#x438;, &#x432;&#x43A;&#x43B;. &#x432; &#x41E;&#x431;&#x44A;&#x435;&#x434;. &#x441;&#x431;. &#x442;&#x430;&#x440;&#x438;&#x444;. &#x440;&#x430;&#x441;&#x441;&#x442;&#x43E;&#x44F;&#x43D;&#x438;&#x439; &#x43F;&#x440;&#x438;&#x43C;&#x435;&#x43D;&#x44F;&#x435;&#x43C;&#x44B;&#x445; &#x432; &#x43F;&#x440;&#x44F;&#x43C;&#x44B;&#x445; &#x441;&#x43E;&#x43E;&#x431;&#x449;&#x435;&#x43D;&#x438;&#x44F;&#x445; &#x434;&#x43E;&#x440;&#x43E;&#x433; &#x421;&#x421;&#x421;&#x420; - &#x427;.VI &#x421;&#x432;&#x43E;&#x434;&#x430; &#x442;&#x430;&#x440;&#x438;&#x444;&#x43E;&#x432; &#x43D;&#x430; &#x43F;&#x435;&#x440;&#x435;&#x432;&#x43E;&#x437;&#x43A;&#x443; &#x433;&#x440;&#x443;&#x437;&#x43E;&#x432; - &#x422;&#x430;&#x440;&#x438;&#x444;. &#x440;&#x443;&#x43A;. N 85)</subfield>
    <subfield code="f">&#x421;&#x43E;&#x441;&#x442;. &#x41A;.&#x412;.&#x411;&#x44B;&#x43A;&#x43E;&#x432;, &#x447;&#x43B;. &#x420;&#x435;&#x434;. &#x43A;&#x43E;&#x43C;. &#x438; &#x442;&#x435;&#x445;&#x43D;. &#x440;&#x435;&#x434;. &#x436;&#x443;&#x440;&#x43D;. "&#x421;&#x431;. &#x442;&#x430;&#x440;&#x438;&#x444;&#x43E;&#x432; &#x436;.-&#x434;. &#x438; &#x432;&#x43E;&#x434;. &#x442;&#x440;&#x430;&#x43D;&#x441;&#x43F;&#x43E;&#x440;&#x442;&#x430; &#x421;&#x421;&#x421;&#x420;"</subfield>
    <subfield code="g">&#x41D;&#x430;&#x440;. &#x43A;&#x43E;&#x43C;. &#x43F;&#x443;&#x442;. &#x441;&#x43E;&#x43E;&#x431;&#x449;.</subfield>
  </datafield>
  <datafield tag="210" ind1=" " ind2=" ">
    <subfield code="a">&#x41C;.</subfield>
    <subfield code="c">&#x420;&#x435;&#x434;. &#x43E;&#x444;&#x438;&#x446;. &#x438;&#x437;&#x434;. &#x41D;&#x41A;&#x41F;&#x421;</subfield>
    <subfield code="d">1926</subfield>
  </datafield>
  <datafield tag="215" ind1=" " ind2=" ">
    <subfield code="a">76 &#x441;.</subfield>
    <subfield code="c">&#x442;&#x430;&#x431;&#x43B;.</subfield>
    <subfield code="d">26 &#x441;&#x43C;</subfield>
  </datafield>
  <datafield tag="620" ind1=" " ind2=" ">
    <subfield code="d">&#x41C;&#x43E;&#x441;&#x43A;&#x432;&#x430;</subfield>
  </datafield>
  <datafield tag="700" ind1=" " ind2="1">
    <subfield code="a">&#x411;&#x44B;&#x43A;&#x43E;&#x432;</subfield>
    <subfield code="b">&#x41A;.&#x412;.</subfield>
    <subfield code="g">&#x41A;&#x43E;&#x43D;&#x441;&#x442;&#x430;&#x43D;&#x442;&#x438;&#x43D; &#x412;&#x438;&#x43A;&#x442;&#x43E;&#x440;&#x43E;&#x432;&#x438;&#x447;</subfield>
    <subfield code="4">070</subfield>
  </datafield>
  <datafield tag="801" ind1=" " ind2="0">
    <subfield code="a">RU</subfield>
    <subfield code="b">NLR</subfield>
    <subfield code="c">19991207</subfield>
  </datafield>
  <datafield tag="852" ind1=" " ind2=" ">
    <subfield code="a">NLR</subfield>
    <subfield code="j">42/179</subfield>
  </datafield>
  <datafield tag="899" ind1=" " ind2=" ">
    <subfield code="a">&#x411;&#x410;&#x41D;</subfield>
  </datafield>
  <datafield tag="899" ind1=" " ind2=" ">
    <subfield code="a">&#x420;&#x41A;&#x41F;</subfield>
  </datafield>
  <datafield tag="899" ind1=" " ind2=" ">
    <subfield code="a">&#x420;&#x413;&#x411;</subfield>
  </datafield>
  <datafield tag="942" ind1=" " ind2=" ">
    <subfield code="c">BOOK</subfield>
  </datafield>
  <datafield tag="980" ind1=" " ind2=" ">
    <subfield code="a">NB</subfield>
  </datafield>
  <datafield tag="980" ind1=" " ind2=" ">
    <subfield code="a">A1SV</subfield>
  </datafield>
</record>
